{"text_format":"3","workbook":"xlsx","n_sheets":2,"sheets":["list","data"],"not_rendered":{"defined_names":8},"read":"whole","date_system":"1900"}

{"sheet":"list","index":0,"n_rows":47,"n_cols":16,"rows_kept":47}
["№","СНИЛС","Фамилия","Имя","Отчество","Пол","Дата рождения","Участник с ОВЗ","Класс","Класс участия","Балл","Макс. Балл","Статус","Призер МЭ прошлого года","Учитель","Место работы учителя"]
[1,2,3,4,5,6,7,8,9,10,11,12,13,14,15,16]
[1,"16924801994","Фахрутдинов","Риналь","Раилевич","м","2011-11-10","нет",5,5,5,25,"участник",null,"Брылева Алла Дьвовна","Муниципальное бюджетное общеобразовательное учреждение «Средняя общеобразовательная школа №8» Нижнекамского муниципального района "]
[2,17327735887,"Якупов","Раниль","Ленарович","м","2012-08-03","нет",5,5,10,25,"участник",null,"Брылева Алла Дьвовна","Муниципальное бюджетное общеобразовательное учреждение «Средняя общеобразовательная школа №8» Нижнекамского муниципального района "]
[null,16974683539,"Борисова  ","Варвара","Петровна","Ж","2011-12-17","нет",5,5,11,25,"участник",null,"Брылева Алла Дьвовна","Муниципальное бюджетное общеобразовательное учреждение «Средняя общеобразовательная школа №8» Нижнекамского муниципального района "]
[null,17074946995,"Еремеева   ","Анастасия","Денисовна","Ж","2012-02-24","нет",5,5,9,25,"участник",null,"Брылева Алла Дьвовна","Муниципальное бюджетное общеобразовательное учреждение «Средняя общеобразовательная школа №8» Нижнекамского муниципального района "]
[null,16946232094,"Сутягин ","Иван ","Сергеевич","М","2011-11-28","нет",5,5,9,25,"участник",null,"Брылева Алла Дьвовна","Муниципальное бюджетное общеобразовательное учреждение «Средняя общеобразовательная школа №8» Нижнекамского муниципального района "]
[null,17213272739,"Файзуллина   ","Диана","Ильназовна","Ж","2012-05-09","нет",5,5,10,25,"участник",null,"Брылева Алла Дьвовна","Муниципальное бюджетное общеобразовательное учреждение «Средняя общеобразовательная школа №8» Нижнекамского муниципального района "]
[null,17340748974,"Шаяхметов  ","Султан","Айдарович","М","2012-08-10","нет",5,5,10,25,"участник",null,"Брылева Алла Дьвовна","Муниципальное бюджетное общеобразовательное учреждение «Средняя общеобразовательная школа №8» Нижнекамского муниципального района "]
[null,17247483083,"Белов  ","Михаил","Сергеевич","М","2012-06-04","нет",5,5,10,25,"участник",null,"Брылева Алла Дьвовна","Муниципальное бюджетное общеобразовательное учреждение «Средняя общеобразовательная школа №8» Нижнекамского муниципального района "]
[null,17050517031,"Бувин"," Павел ","Степанович","М","2012-02-03","нет",5,5,8,25,"участник",null,"Брылева Алла Дьвовна","Муниципальное бюджетное общеобразовательное учреждение «Средняя общеобразовательная школа №8» Нижнекамского муниципального района "]
[null,17166509681,"Никифоров"," Владислав","Максимович ","М","2012-03-27","нет",5,5,9,25,"участник",null,"Брылева Алла Дьвовна","Муниципальное бюджетное общеобразовательное учреждение «Средняя общеобразовательная школа №8» Нижнекамского муниципального района "]
[null,17142179856,"Панарин  ","Кирилл ","Витальевич","М","2012-01-30","нет",5,5,5,25,"участник",null,"Брылева Алла Дьвовна","Муниципальное бюджетное общеобразовательное учреждение «Средняя общеобразовательная школа №8» Нижнекамского муниципального района "]
[null,17793700413,"Хусниев","Динар","Линарович","М","26.05.11","нет",6,6,8,25,"участник",null,"Брылева Алла Дьвовна","Муниципальное бюджетное общеобразовательное учреждение «Средняя общеобразовательная школа №8» Нижнекамского муниципального района "]
[null,"16807246786","Багаутдинов   ","   Алмаз"," Раисович","М","23.08.2011","нет",6,6,9,25,"участник",null,"Брылева Алла Дьвовна","Муниципальное бюджетное общеобразовательное учреждение «Средняя общеобразовательная школа №8» Нижнекамского муниципального района "]
[null,"16362275062","Карасёв ","Егор ","Сергеевич","М","22.12.2010","нет",6,6,0,25,"участник",null,"Брылева Алла Дьвовна","Муниципальное бюджетное общеобразовательное учреждение «Средняя общеобразовательная школа №8» Нижнекамского муниципального района "]
[null,"17101948747","Мещерягин  ","Егор ","Сергеевич","М","05.03.2011","нет",6,6,5,25,"участник",null,"Брылева Алла Дьвовна","Муниципальное бюджетное общеобразовательное учреждение «Средняя общеобразовательная школа №8» Нижнекамского муниципального района "]
[null,"16807247990","Нутфуллин "," Ильяс  ","Фанисович","М","24.08.2011","нет",6,6,6,25,"участник",null,"Брылева Алла Дьвовна","Муниципальное бюджетное общеобразовательное учреждение «Средняя общеобразовательная школа №8» Нижнекамского муниципального района "]
[null,"16538568103","Клименков","Алексей ","Андреевич","М","11.04.2011","нет",6,6,5,25,"участник",null,"Брылева Алла Дьвовна","Муниципальное бюджетное общеобразовательное учреждение «Средняя общеобразовательная школа №8» Нижнекамского муниципального района "]
[null,"18814154384","Сидоренко "," Дарья "," Сергеевна","Ж","18.02.2011","нет",6,6,19,25,"призер",null,"Брылева Алла Дьвовна","Муниципальное бюджетное общеобразовательное учреждение «Средняя общеобразовательная школа №8» Нижнекамского муниципального района "]
[null,"16533024543"," Аракчеев ","Данил","Иванович","М","06.04.2011","нет",6,6,6,25,"участник",null,"Брылева Алла Дьвовна","Муниципальное бюджетное общеобразовательное учреждение «Средняя общеобразовательная школа №8» Нижнекамского муниципального района "]
[null,16113011090,"Валиуллина ","Замира ","Фанзилевна ","Ж","2010-06-15","нет",7,7,9,30,"участник",null,"Брылева Алла Дьвовна","Муниципальное бюджетное общеобразовательное учреждение «Средняя общеобразовательная школа №8» Нижнекамского муниципального района "]
[null,16392090068,"Димиева ","Ильдана ","Рауфовна ","Ж","2010-01-12","нет",7,7,18,30,"призер",null,"Брылева Алла Дьвовна","Муниципальное бюджетное общеобразовательное учреждение «Средняя общеобразовательная школа №8» Нижнекамского муниципального района "]
[null,16119711451,"Камалов  ","Адель","Ильсурович","М","2010-07-04","нет",7,7,19,30,"призер",null,"Брылева Алла Дьвовна","Муниципальное бюджетное общеобразовательное учреждение «Средняя общеобразовательная школа №8» Нижнекамского муниципального района "]
[null,16344519567,"Валиуллина ","Ландыш ","Назимовна ","Ж","2010-11-29","нет",7,7,15,30,"участник",null,"Брылева Алла Дьвовна","Муниципальное бюджетное общеобразовательное учреждение «Средняя общеобразовательная школа №8» Нижнекамского муниципального района "]
[null,16236491467,"Акбирова ","Ясмина ","Руслановна ","Ж","2010-09-08","нет",7,7,16,30,"участник",null,"Брылева Алла Дьвовна","Муниципальное бюджетное общеобразовательное учреждение «Средняя общеобразовательная школа №8» Нижнекамского муниципального района "]
[null,17188747416,"Хузрахимов ","Динар","Радифович","М","2010-05-31","нет",7,7,18,30,"призер",null,"Брылева Алла Дьвовна","Муниципальное бюджетное общеобразовательное учреждение «Средняя общеобразовательная школа №8» Нижнекамского муниципального района "]
[null,16396806408,"Кабирова ","Аиша","Эдиковна ","Ж","2010-08-08","нет",7,7,0,30,"участник",null,"Брылева Алла Дьвовна","Муниципальное бюджетное общеобразовательное учреждение «Средняя общеобразовательная школа №8» Нижнекамского муниципального района "]
[null,16226703450,"Галиев","Азат","Нурзатович","М","2008-11-20","нет",8,8,15,33,"призер",null,"Брылева Алла Дьвовна","Муниципальное бюджетное общеобразовательное учреждение «Средняя общеобразовательная школа №8» Нижнекамского муниципального района "]
[null,15312054816,"Иванов","Иван","Валерьевич","м","2008-11-19","нет",8,8,21,33,"призер",null,"Иванова Римма Петровна","Муниципальное бюджетное общеобразовательное учреждение «Средняя общеобразовательная школа №8» Нижнекамского муниципального района "]
[null,15450191342,"Логинов","Александр","Сергеевич","м","2009-06-08","нет",8,8,14,33,"участник",null,"Иванова Римма Петровна","Муниципальное бюджетное общеобразовательное учреждение «Средняя общеобразовательная школа №8» Нижнекамского муниципального района "]
[null,15533929985,"Саримов","Данияр ","Айдарович ","м","2009-05-06","нет",8,8,20,33,"призер",null,"Иванова Римма Петровна","Муниципальное бюджетное общеобразовательное учреждение «Средняя общеобразовательная школа №8» Нижнекамского муниципального района "]
[null,16538568002,"Клименкова","Софья","Андреевна","Ж","2009-06-15","нет",8,8,10,33,"участник",null,"Брылева Алла Дьвовна","Муниципальное бюджетное общеобразовательное учреждение «Средняя общеобразовательная школа №8» Нижнекамского муниципального района "]
[null,15722503752,"Отинова","Виктория","Андреевна","Ж","2009-12-17","нет",8,8,10,33,"участник",null,"Брылева Алла Дьвовна","Муниципальное бюджетное общеобразовательное учреждение «Средняя общеобразовательная школа №8» Нижнекамского муниципального района "]
[null,"17329435784","Абсалямова","Регина","Алмазовна","Ж","01.02.2008","нет",9,9,24,57,"участник",null,"Брылева Алла Дьвовна","Муниципальное бюджетное общеобразовательное учреждение «Средняя общеобразовательная школа №8» Нижнекамского муниципального района "]
[null,15174875080,"Иванова","Яна","Владиславовна","Ж","2008-07-24","нет",9,9,28,57,"призер",null,"Иванова Римма Петровна","Муниципальное бюджетное общеобразовательное учреждение «Средняя общеобразовательная школа №8» Нижнекамского муниципального района "]
[null,16016076934,"Макеева","Карина","Руслановна","Ж","2007-11-18","нет",9,9,29,57,"призер",null,"Иванова Римма Петровна","Муниципальное бюджетное общеобразовательное учреждение «Средняя общеобразовательная школа №8» Нижнекамского муниципального района "]
[null,17548519912,"Новосельцева","Елена","Сергеевна","Ж","2008-11-24","нет",9,9,25,57,"участник",null,"Иванова Римма Петровна","Муниципальное бюджетное общеобразовательное учреждение «Средняя общеобразовательная школа №8» Нижнекамского муниципального района "]
[null,15196720376,"Файзутдинова","Аделя","Рифкатовна","Ж","2008-08-09","нет",9,9,29,57,"участник",null,"Иванова Римма Петровна","Муниципальное бюджетное общеобразовательное учреждение «Средняя общеобразовательная школа №8» Нижнекамского муниципального района "]
[null,15290744266,"Камилов  ","Ильмир","Наилович","М","2008-10-26","нет",9,9,24,57,"участник",null,"Брылева Алла Дьвовна","Муниципальное бюджетное общеобразовательное учреждение «Средняя общеобразовательная школа №8» Нижнекамского муниципального района "]
[null,17704760180,"Кононихина ","Екатерина  ","Юрьевна","Ж","2008-05-07","нет",9,9,31,57,"призер",null,"Брылева Алла Дьвовна","Муниципальное бюджетное общеобразовательное учреждение «Средняя общеобразовательная школа №8» Нижнекамского муниципального района "]
[null,17083704972,"Шамсутдинова ","Аделина","Рафисовна","Ж","2008-06-16","нет",9,9,29,57,"участник",null,"Брылева Алла Дьвовна","Муниципальное бюджетное общеобразовательное учреждение «Средняя общеобразовательная школа №8» Нижнекамского муниципального района "]
[null,18755326510,"Валиева","Ралина","Рафаэлевна","Ж","2008-09-07","нет",9,9,31,57,"призер",null,"Иванова Римма Петровна","Муниципальное бюджетное общеобразовательное учреждение «Средняя общеобразовательная школа №8» Нижнекамского муниципального района "]
[null,16278653804,"Джахангиров","Аллахверди","Элчин Оглы","М","2008-08-18","нет",9,9,26,57,"участник",null,"Иванова Римма Петровна","Муниципальное бюджетное общеобразовательное учреждение «Средняя общеобразовательная школа №8» Нижнекамского муниципального района "]
[null,14976220089,"Лукманов","Тимур","Маратович","М","2008-02-26","нет",9,9,31,57,"призер",null,"Иванова Римма Петровна","Муниципальное бюджетное общеобразовательное учреждение «Средняя общеобразовательная школа №8» Нижнекамского муниципального района "]
[null,15830109650,"Малихина","Арина","Максимовна","Ж","2008-01-31","нет",9,9,31,57,"призер",null,"Иванова Римма Петровна","Муниципальное бюджетное общеобразовательное учреждение «Средняя общеобразовательная школа №8» Нижнекамского муниципального района "]
[null,16004280715,"Решетова ","Полина","Ивановна","Ж","2006-01-02","нет",11,11,9,71,"участник",null,"Брылева Алла Дьвовна","Муниципальное бюджетное общеобразовательное учреждение «Средняя общеобразовательная школа №8» Нижнекамского муниципального района "]

{"sheet":"data","index":1,"n_rows":25,"n_cols":10,"rows_kept":25}
[{"$nulls":6},"1 - Техника, технология и техническое творчество","2 - Культура дома, дизайн и технологии","3 - Робототехника","4 - Информационная безопасность"]
["1 - Техника, технологии и техническое творчество","1.1  Практика по ручной деревообработке",{"$nulls":4},"1.1 Практика по ручной деревообработке","2.1 Ручная обработка швейного изделия или узла","3.1 Робототехника","4.1 Не предусмотрена"]
["2 - Культура дома, дизайн и технологии","1.2 Практика по механической деревообработке",{"$nulls":4},"1.2 Практика по механической деревообработке","2.2 Механическая обработка швейного изделия или узла + Моделирование"]
["3 - Робототехника","1.3 Практика по ручной металлообработке",{"$nulls":4},"1.3 Практика по ручной металлообработке","2.3 Обработка швейного изделия или узла на швейно-вышивальном оборудовании + Моделирование"]
["4 - Информационная безопасность","1.4 Практика по механической металлообработке",{"$nulls":4},"1.4 Практика по механической металлообработке","2.4 3D-моделирование и печать"]
[null,"1.5 Электрорадиотехника",{"$nulls":4},"1.5 Электрорадиотехника","2.5 Практика по работе на лазерно-гравировальном станке"]
[null,"1.6 3D-моделирование и печать",{"$nulls":4},"1.6 3D-моделирование и печать","2.6 Промышленный дизайн"]
[null,"1.7 Практика по работе на лазерно-гравировальном станке",{"$nulls":4},"1.7 Практика по работе на лазерно-гравировальном станке"]
[null,"1.8 Промышленный дизайн",{"$nulls":4},"1.8 Промышленный дизайн"]
[null,"2.1 Ручная обработка швейного изделия или узла"]
[null,"2.2 Механическая обработка швейного изделия или узла + Моделирование",{"$nulls":6},"3.1 Робототехника","4.1 Не предусмотрена"]
[null,"2.3 Обработка швейного изделия или узла на швейно-вышивальном оборудовании + Моделирование"]
[null,"2.4 3D-моделирование и печать"]
[null,"2.5 Практика по работе на лазерно-гравировальном станке"]
[null,"2.6 Промышленный дизайн"]
[null,"3.1 Робототехника"]
[null,"4.1 Не предусмотрена"]
[]
[]
[]
[]
[]
["участник"]
["призер",null,"да","да",null,"м"]
["победитель",null,null,"нет",null,"ж"]